000 00348 a2200109 4500
001 ART_7800
005 20260410161638.0
008 260409a
245 1 0 _aImplicancias impositivas de los contratos de "leasing" (Tercera parte)
100 1 _aCalcagno, Gabriel A
773 0 _tConsultor tributario
_g- NÂș 11 (ene. 2008)
_wREV474
999 _c13048
_d13048